000 01252nam0a22002411 4500
001 rc\86923
005 20260407081624.0
035 _a(NLR Aleph) 005354531
090 _a6832697
_c6832697
100 _a20021216d1994 |||y0rusy50 ca
101 0 _arus
102 _aRU
105 _ay |||||||||
200 1 _aПОЛИТОЛОГИЯ в вопросах и ответах
_eУчеб. пособие по изуч. политологии для студентов заоч. формы обучения
_fГос. ком. по высш. образованию Рос. Федерации. Магнитог. горно-металлург. ин-т им. Г.И. Носова. Каф. истории, политологии и социологии
_g[Сост.: доц., к. ист. н. А.А. Акмалова и др.]
210 _aМагнитогорск
_cМГМИ
_d1994
215 _a[2], 46 с.
_d20
702 1 _aАкмалова
_bА.А.
_gАльфия Азгаровна
_4220
712 0 2 _aМагнитогорский горно-металлургический институт им. Г. И. Носова
_3RU\NLR\AUTH\887212
_9286487
801 0 _aRU
_bNLR
_gpsbo
801 1 _aRU
_bELAR
_2rusmarc
852 _aNLR
_j93-4/12468
942 _cBOOK
980 _aNB